000 00678nam a2200277Ia 4500
005 20260324120642.0
008 008 260324s9999 xx 000 0 eng d
020 _a9781003074458
037 _aEBOOK
040 _aCRL
040 _beng
040 _cCRL
041 _2eng
041 _aeng
084 _qCRL
100 _aMaurice Duverger; Malcolm Anderson
_91159422
245 0 _aIntroduction to the Social Sciences (RLE Social Theory)
260 _bTaylor and Francis
260 _c2015
365 _a
365 _b150
856 _uhttp://www.taylorfrancis.com/books/9781003074458
942 _cEBOOK
999 _c1751068
_d1751068